000 00495nab a2200145Ia 4500
003 ES-SlBCS
005 20210601133828.0
008 140529s1994 xxu||||| |||| 00| 0 por d
041 _apor
100 1 _aSilva, Mariluze Ferreira Aandrade e
_9210271
245 0 0 _aUm estudo semântico sobre a ética no contexto da moral
_c Mariluze Ferreira Aandrade e Silva
650 0 4 _aÉtica-Semántica
_9210272
773 0 _tPresença Filosofica
_gvol. 19, nº. 1-2, 1994, págs. 89-93
_wRev966
942 _cAR
999 _c602773
_d602773